[Event "KUW-ch"]
[Site "Kuwait"]
[Date "2017.03.11"]
[Round "8"]
[White "Alsharhan, Musaed"]
[Black "Shehab, Ibrahim A"]
[Result "0-1"]
[WhiteElo "1706"]
[BlackElo "1917"]
[PlyCount "59"]
[EventDate "2017.03.02"]
[EventType "tourn"]
[EventRounds "9"]
[EventCountry "KUW"]
[SourceTitle "EXT 2018"]
[Source "ChessBase"]
[SourceDate "2017.10.13"]
[SourceVersion "1"]
[SourceVersionDate "2017.10.13"]
[SourceQuality "1"]

1. d4 Nf6 2. Nf3 d6 3. Bg5 Nbd7 4. Nbd2 h6 5. Bh4 g6 6. e4 Bg7 7. c3 g5 8. Bg3 Nh5 9. Be2 Nxg3 10. hxg3 c5 11. dxc5 Nxc5 12. Qc2 Bd7 13. e5 Qc7 14. Nxg5 hxg5 15. Rxh8+ Bxh8 16. Qh7 0-0-0 17. exd6 Qxd6 18. Nc4 Qf6 19. 0-0-0 Bg7 20. g4 Rh8 21. Qc2 Ba4 22. b3 Bc6 23. f3 Qxc3 24. Qxc3 Bxc3 25. Kc2 Bf6 26. Rd2 Ne6 27. Ne3 Nd4+ 28. Kc1 Be5 29. Rd3 Nxe2+ 30. Kb1 0-1

[Event "KUW-ch"]
[Site "Kuwait"]
[Date "2017.03.07"]
[Round "5"]
[White "Shehab, Ibrahim A"]
[Black "Alothman, Abdul Wahab"]
[Result "0-1"]
[WhiteElo "1917"]
[BlackElo "2072"]
[PlyCount "99"]
[EventDate "2017.03.02"]
[EventType "tourn"]
[EventRounds "9"]
[EventCountry "KUW"]
[SourceTitle "EXT 2018"]
[Source "ChessBase"]
[SourceDate "2017.10.13"]
[SourceVersion "1"]
[SourceVersionDate "2017.10.13"]
[SourceQuality "1"]

1. d4 d5 2. Nf3 Nf6 3. c4 c6 4. Nc3 e6 5. e3 Nbd7 6. Bd3 dxc4 7. Bxc4 b5 8. Be2 Bb7 9. Qc2 a6 10. e4 c5 11. d5 exd5 12. exd5 b4 13. Ne4 Nxd5 14. Bg5 f6 15. Bh4 Be7 16. Bg3 0-0 17. Nd6 Bxd6 18. Bxd6 Re8 19. 0-0 Qb6 20. Bg3 Kh8 21. Bd3 Nf8 22. Qc4 a5 23. Rfe1 Ne7 24. Qf7 Bd5 25. Qh5 Qc6 26. Nh4 Kg8 27. f3 Bf7 28. Qg4 Rad8 29. Rxe7 Rxe7 30. Nf5 Ng6 31. Nxe7+ Nxe7 32. Be4 Qd7 33. Qxd7 Rxd7 34. Bf4 f5 35. Bc2 g6 36. Kf2 Nc8 37. Ba4 Rd8 38. Bg5 Rd6 39. Bf4 Rd8 40. Bg5 Rd3 41. Bc2 Rd6 42. Bf4 Rd8 43. Bg5 Rf8 44. b3 c4 45. Rd1 Nb6 46. Bd8 Nd5 47. Bxa5 Ra8 48. bxc4 Rxa5 49. cxd5 Rxa2 50. d6 0-1

[Event "KUW-ch 1st Stage"]
[Site "Kuwait"]
[Date "2017.01.21"]
[Round "8"]
[White "Hussain, Hashem"]
[Black "Shehab, Ibrahim A"]
[Result "0-1"]
[WhiteElo "1775"]
[BlackElo "1870"]
[PlyCount "58"]
[EventDate "2017.01.12"]
[EventType "swiss"]
[EventRounds "9"]
[EventCountry "KUW"]
[SourceTitle "CBM 176 Extra"]
[Source "ChessBase"]
[SourceDate "2017.03.02"]
[SourceVersion "1"]
[SourceVersionDate "2017.03.02"]
[SourceQuality "1"]

1. e4 d6 2. d4 Nf6 3. Nc3 g6 4. f4 Bg7 5. Nf3 Nc6 6. Bd3 0-0 7. 0-0 e5 8. fxe5 dxe5 9. d5 Nb4 10. Bg5 Qd6 11. Kh1 c6 12. a3 Nxd3 13. cxd3 Bg4 14. Qb3 Nd7 15. Qxb7 Rfc8 16. Qa6 Rab8 17. b4 Nb6 18. Rac1 Rc7 19. Be3 f5 20. Bc5 Qf6 21. d6 Rf7 22. Nd2 Bh6 23. Rc2 Qh4 24. Bf2 Qh5 25. Nc4 Bf4 26. g3 Qh3 27. Kg1 Nxc4 28. Qxc4 Bf3 29. Be1 Be3+ 0-1

[Event "KUW-ch 1st Stage"]
[Site "Kuwait"]
[Date "2017.01.18"]
[Round "6"]
[White "Alshourfaa, Hazaa"]
[Black "Shehab, Ibrahim A"]
[Result "0-1"]
[WhiteElo "1846"]
[BlackElo "1870"]
[PlyCount "106"]
[EventDate "2017.01.12"]
[EventType "swiss"]
[EventRounds "9"]
[EventCountry "KUW"]
[SourceTitle "CBM 176 Extra"]
[Source "ChessBase"]
[SourceDate "2017.03.02"]
[SourceVersion "1"]
[SourceVersionDate "2017.03.02"]
[SourceQuality "1"]

1. e4 d6 2. d4 Nf6 3. Nc3 g6 4. f4 Bg7 5. Nf3 c5 6. dxc5 Qa5 7. Bb5+ Bd7 8. Bxd7+ Nbxd7 9. 0-0 Qxc5+ 10. Kh1 0-0 11. Qe1 b6 12. Be3 Qb4 13. Bd2 Qxb2 14. Qh4 Qxc2 15. Rae1 e5 16. f5 Nc5 17. Re2 Qd3 18. Ne1 Qc4 19. Bg5 Ncxe4 20. Bxf6 Bxf6 21. Qxe4 Qxc3 22. fxg6 Bg7 23. gxf7+ Kh8 24. Rf3 Qd4 25. Qf5 e4 26. Rxe4 Rxf7 27. Rxd4 Rxf5 28. Rxd6 Re8 29. Rd1 Ra5 30. a3 Kg8 31. Nc2 Rc5 32. Nb4 a5 33. Na2 Rc2 34. Nc1 Rec8 35. Nb3 a4 36. Na1 Ra2 37. Rff1 Rxa3 38. Nc2 Ra2 39. Nb4 Rb2 40. Nd5 Bf8 41. Rf4 Rc6 42. Nf6+ Rxf6 43. Rxf6 Kg7 44. Rf3 Bd6 45. Kg1 Bc5+ 46. Kf1 a3 47. Rd7+ Kg6 48. Rg3+ Kf6 49. Rd1 a2 50. Rf3+ Ke6 51. Rc3 Rf2+ 52. Ke1 Rxg2 53. Rcc1 Rxh2 0-1

[Event "KUW-ch 1st Stage"]
[Site "Kuwait"]
[Date "2017.01.14"]
[Round "3"]
[White "Shehab, Ibrahim A"]
[Black "Alathari, Yaqoub"]
[Result "1-0"]
[WhiteElo "1870"]
[BlackElo "1326"]
[PlyCount "69"]
[EventDate "2017.01.12"]
[EventType "swiss"]
[EventRounds "9"]
[EventCountry "KUW"]
[SourceTitle "CBM 176 Extra"]
[Source "ChessBase"]
[SourceDate "2017.03.02"]
[SourceVersion "1"]
[SourceVersionDate "2017.03.02"]
[SourceQuality "1"]

1. d4 e6 2. Nf3 b6 3. c4 Bb7 4. Nc3 Bb4 5. Bd2 Nf6 6. e3 0-0 7. Bd3 Bxc3 8. Bxc3 Ne4 9. Bb4 d6 10. 0-0 f5 11. Ne1 Qg5 12. Qc1 Qg6 13. f3 Nc6 14. Ba3 Ng5 15. Kh1 a5 16. Be2 Nb4 17. Bxb4 axb4 18. Nd3 c5 19. d5 exd5 20. cxd5 Ba6 21. Rd1 Qh6 22. b3 Rae8 23. Nf4 Bxe2 24. Nxe2 Nxf3 25. gxf3 Rxe3 26. Rg1 f4 27. Qf1 Rf5 28. Rd1 Rh5 29. Rg2 Rh4 30. Qf2 g5 31. Rdg1 g4 32. Rxg4+ Rxg4 33. Rxg4+ Kh8 34. Nxf4 Rc3 35. Qe1 1-0

[Event "KUW-ch 1st Stage"]
[Site "Kuwait"]
[Date "2017.01.13"]
[Round "2"]
[White "Al Ibrahim, Abdulrahman"]
[Black "Shehab, Ibrahim A"]
[Result "0-1"]
[WhiteElo "1758"]
[BlackElo "1870"]
[PlyCount "58"]
[EventDate "2017.01.12"]
[EventType "swiss"]
[EventRounds "9"]
[EventCountry "KUW"]
[SourceTitle "CBM 176 Extra"]
[Source "ChessBase"]
[SourceDate "2017.03.02"]
[SourceVersion "1"]
[SourceVersionDate "2017.03.02"]
[SourceQuality "1"]

1. e4 d6 2. d4 Nf6 3. Nc3 Nbd7 4. Bc4 e5 5. Nf3 Be7 6. 0-0 c6 7. Bb3 h6 8. a4 Qc7 9. Re1 Nf8 10. Nh4 g6 11. a5 Ng4 12. Nf3 g5 13. dxe5 dxe5 14. h3 Nf6 15. Qd3 Ng6 16. Be3 g4 17. hxg4 Bxg4 18. Nd2 Nf4 19. Bxf4 exf4 20. f3 Bc5+ 21. Kh1 Qe5 22. Nf1 Rd8 23. Qe2 Qd4 24. Nh2 Nh5 25. Nxg4 Ng3+ 26. Kh2 Nxe2 27. Nxe2 Qg7 28. e5 Qg5 29. Nf6+ Kf8 0-1

[Event "Kuwait Fischer Cup"]
[Site "Kuwait"]
[Date "2016.10.13"]
[Round "1"]
[White "Shehab, Ibrahim A"]
[Black "Alrashidi, Yousef"]
[Result "1-0"]
[WhiteElo "1898"]
[BlackElo "1548"]
[PlyCount "37"]
[EventDate "2016.10.13"]
[EventType "swiss"]
[EventRounds "9"]
[EventCountry "KUW"]
[SourceTitle "EXT 2018"]
[Source "ChessBase"]
[SourceDate "2017.10.13"]
[SourceVersion "1"]
[SourceVersionDate "2017.10.13"]
[SourceQuality "1"]

1. d4 Nf6 2. c4 e5 3. dxe5 Ng4 4. e4 Nxe5 5. f4 Nec6 6. Be3 d6 7. Nc3 Be7 8. Nf3 Bg4 9. Be2 Nd7 10. 0-0 Bxf3 11. Bxf3 0-0 12. Qe2 Bf6 13. Rad1 Bxc3 14. bxc3 Ne7 15. c5 Ng6 16. cxd6 cxd6 17. Rxd6 Qc7 18. e5 Rab8 19. Qd3 1-0

[Event "Kuwait Hala op"]
[Site "Kuwait"]
[Date "2016.02.18"]
[Round "4"]
[White "Alkhaldi, Bader"]
[Black "Shehab, Ibrahim A"]
[Result "0-1"]
[WhiteElo "1923"]
[BlackElo "1920"]
[PlyCount "116"]
[EventDate "2016.02.17"]
[EventType "swiss"]
[EventRounds "7"]
[EventCountry "KUW"]
[SourceTitle "EXT 2018"]
[Source "ChessBase"]
[SourceDate "2017.10.13"]
[SourceVersion "1"]
[SourceVersionDate "2017.10.13"]
[SourceQuality "1"]

1. c4 Nf6 2. d4 c5 3. d5 b5 4. a4 b4 5. Bg5 d6 6. Qc2 Nbd7 7. Nf3 g6 8. e3 Bg7 9. Bd3 a5 10. Nbd2 Ng4 11. 0-0 Nge5 12. Be2 0-0 13. Rad1 Qe8 14. Ne1 Nf6 15. h3 Kh8 16. f4 Ned7 17. b3 Rg8 18. Bh4 Nf8 19. Bf2 N8d7 20. Nef3 Nb6 21. e4 Bd7 22. Bd3 Nxa4 23. bxa4 Bxa4 24. Nb3 Bd7 25. e5 Nh5 26. Qc1 a4 27. Na1 Bh6 28. Be3 Ng3 29. Rfe1 Qc8 30. Kh2 Nf5 31. Bf2 Bg7 32. g4 Nh6 33. Be3 Qf8 34. f5 b3 35. Bxh6 Bxh6 36. g5 Qb8 37. gxh6 b2 38. Qc3 Qb4 39. Qxb4 cxb4 40. Nc2 Rgb8 41. fxg6 hxg6 42. exd6 exd6 43. Ng5 Kg8 44. Nd4 a3 45. Re7 Be8 46. Rf1 a2 47. Bxg6 a1Q 48. h7+ Kh8 49. Rfxf7 Bxf7 50. Nxf7+ Kg7 51. Ne5+ Kh6 52. Nef3 Kxg6 53. Re6+ Kxh7 54. Ng5+ Kg7 55. Nf5+ Kg8 56. Rg6+ Kf8 57. Nh7+ Ke8 58. Nf6+ Kf7 0-1

[Event "Kuwait Hala op"]
[Site "Kuwait"]
[Date "2016.02.18"]
[Round "3"]
[White "Shehab, Ibrahim A"]
[Black "Hussain, Hashem"]
[Result "1-0"]
[WhiteElo "1920"]
[BlackElo "1751"]
[PlyCount "101"]
[EventDate "2016.02.17"]
[EventType "swiss"]
[EventRounds "7"]
[EventCountry "KUW"]
[SourceTitle "EXT 2018"]
[Source "ChessBase"]
[SourceDate "2017.10.13"]
[SourceVersion "1"]
[SourceVersionDate "2017.10.13"]
[SourceQuality "1"]

1. d4 e6 2. Nf3 c5 3. c4 cxd4 4. Nxd4 Nc6 5. Nc3 Nf6 6. e4 Bc5 7. Nxc6 bxc6 8. e5 Ng8 9. Qg4 Kf8 10. Bd3 d5 11. 0-0 Ba6 12. Kh1 h5 13. Qe2 dxc4 14. Bc2 Ne7 15. Ne4 Bb6 16. Bg5 Qc7 17. Nd6 Nd5 18. Nxc4 Bxc4 19. Qxc4 Qxe5 20. Qxc6 Re8 21. Ba4 Rb8 22. Bh4 Qc7 23. Qxc7 Bxc7 24. Bb3 Nf4 25. Rac1 Be5 26. Bg3 h4 27. Bxf4 Bxf4 28. Rc2 Ke7 29. Rc4 Be5 30. Rb1 Rhd8 31. Rxh4 Bxb2 32. g3 Rd2 33. Kg2 Bd4 34. Rf4 g5 35. Rf3 f6 36. Rc1 Rd8 37. Rc6 Rd6 38. Rc7+ Rd7 39. Rc8 Bb6 40. Rh8 f5 41. Rh7+ Kd6 42. Rh6 Re2 43. Rxf5 g4 44. Rff6 Re7 45. Rhg6 Rc7 46. Rxg4 Rc1 47. Rgg6 Rce1 48. h4 Bd4 49. Rf4 Rd1 50. Rg8 Ree1 51. Bxd1 1-0

[Event "Kuwait Amateur-ch"]
[Site "Kuwait"]
[Date "2016.01.25"]
[Round "3"]
[White "Alawadhi, Amenah"]
[Black "Shehab, Ibrahim A"]
[Result "0-1"]
[WhiteElo "1348"]
[BlackElo "1944"]
[PlyCount "62"]
[EventDate "2016.01.23"]
[EventType "swiss"]
[EventRounds "9"]
[EventCountry "KUW"]
[SourceTitle "CBM 170 Extra"]
[Source "ChessBase"]
[SourceDate "2016.02.25"]
[SourceVersion "1"]
[SourceVersionDate "2016.02.25"]
[SourceQuality "1"]

1. d4 c5 2. d5 b5 3. e4 a6 4. Nf3 d6 5. b4 Bg4 6. c4 bxc4 7. Bxc4 Nd7 8. Bb2 cxb4 9. 0-0 Ngf6 10. Re1 g6 11. Nbd2 Bg7 12. Nb3 0-0 13. Nbd4 Ne5 14. Be2 Nfd7 15. h3 Bxf3 16. Bxf3 Qb6 17. Bg4 Nc5 18. a4 Ncd3 19. a5 Qa7 20. Qe2 Nxb2 21. Qxb2 Nd3 22. Nc6 Bxb2 23. Nxa7 Rxa7 24. Rad1 Nxe1 25. Rxe1 Rc7 26. f4 Rb8 27. Be2 Bd4+ 28. Kh2 b3 29. Bd3 b2 30. h4 Rc3 31. Bb1 Rc1 0-1

[Event "KUW-ch"]
[Site "Kuwait"]
[Date "2015.12.15"]
[Round "11"]
[White "Hussain, Hashem"]
[Black "Shehab, Ibrahim A"]
[Result "1/2-1/2"]
[WhiteElo "1772"]
[BlackElo "1975"]
[PlyCount "158"]
[EventDate "2015.12.02"]
[EventType "tourn"]
[EventRounds "11"]
[EventCountry "KUW"]
[SourceTitle "CBM 169 Extra"]
[Source "ChessBase"]
[SourceDate "2015.12.18"]
[SourceVersion "1"]
[SourceVersionDate "2015.12.18"]
[SourceQuality "1"]

1. e4 e5 2. Nf3 Nf6 3. d3 Nc6 4. g3 d5 5. Nbd2 dxe4 6. dxe4 Bg4 7. Bg2 Qd7 8. 0-0 0-0-0 9. Qe1 Bc5 10. a3 h5 11. b4 Bd4 12. Rb1 Bc3 13. Qe3 Nd4 14. Nxd4 Bxd4 15. Qd3 h4 16. Nb3 hxg3 17. Nxd4 gxh2+ 18. Kh1 Qxd4 19. Qxd4 Rxd4 20. Bb2 Rxe4 21. f3 Re2 22. fxg4 Nxg4 23. Rxf7 Nf2+ 24. Rxf2 Rxf2 25. Bxe5 Rh5 26. Bxh2 Rxc2 27. Rf1 Kd7 28. Kg1 Rg5 29. Rf2 Rxf2 30. Kxf2 b6 31. Bg3 a5 32. Bh3+ Kc6 33. Bg2+ Kb5 34. Bxc7 axb4 35. axb4 Rg6 36. Be4 Rf6+ 37. Ke3 Kxb4 38. Be5 Rf7 39. Bg6 Re7 40. Kf4 Kc4 41. Kf5 b5 42. Ba1 b4 43. Bh5 b3 44. Kg6 Kd3 45. Bg4 Kc2 46. Bxg7 Re1 47. Bf5+ Kc1 48. Bh6+ Kb2 49. Bg7+ Ka3 50. Bf8+ Ka2 51. Bg7 Rg1+ 52. Kf7 Rf1 53. Ke6 Rh1 54. Be4 Re1 55. Kf5 Ka3 56. Bd5 Rf1+ 57. Ke6 b2 58. Bxb2+ Kxb2 59. Bg2 Re1+ 60. Kd6 Kc3 61. Bb7 Kd4 62. Bd5 Re5 63. Bg2 Rg5 64. Bh3 Rg6+ 65. Kd7 Kd5 66. Bf5 Rg7+ 67. Ke8 Kd6 68. Bc2 Rg2 69. Bb3 Rb2 70. Bc4 Rb4 71. Ba2 Rf4 72. Bb3 Rg4 73. Ba2 Rb4 74. Kf8 Rf4+ 75. Kg7 Ke7 76. Kg6 Ra4 77. Bb3 Ra6+ 78. Kf5 Ra5+ 79. Ke4 Kd6 1/2-1/2

[Event "KUW-ch"]
[Site "Kuwait"]
[Date "2015.12.03"]
[Round "2"]
[White "Al Duwish, Ahmed"]
[Black "Shehab, Ibrahim A"]
[Result "0-1"]
[WhiteElo "1776"]
[BlackElo "1975"]
[PlyCount "86"]
[EventDate "2015.12.02"]
[EventType "tourn"]
[EventRounds "11"]
[EventCountry "KUW"]
[SourceTitle "CBM 169 Extra"]
[Source "ChessBase"]
[SourceDate "2015.12.18"]
[SourceVersion "1"]
[SourceVersionDate "2015.12.18"]
[SourceQuality "1"]

1. e4 e5 2. Nf3 Nc6 3. d4 exd4 4. Bc4 Nf6 5. e5 d5 6. Bb5 Ne4 7. Nxd4 Bd7 8. Bxc6 bxc6 9. 0-0 Bc5 10. f3 Ng5 11. f4 Ne4 12. Be3 Rb8 13. Nd2 Nxd2 14. Qxd2 Qe7 15. c3 0-0 16. Rae1 Bb6 17. f5 Qh4 18. Bg5 Qg4 19. h3 Qh5 20. Kh2 f6 21. exf6 gxf6 22. Bh6 Rfe8 23. Qf4 Kh8 24. Ne6 Qf7 25. Bg7+ Kg8 26. Qg3 Bxe6 27. Bxf6+ Kf8 28. fxe6 Qg6 29. e7+ Kg8 30. Qe5 Bc5 31. Qe6+ Qf7 32. Qg4+ Qg6 33. Qe6+ Qf7 34. Qg4+ Qg6 35. Qh4 Bd6+ 36. Kh1 Bg3 37. Qd4 Bxe1 38. Rxe1 Kf7 39. Re2 Rg8 40. Rf2 Ke8 41. Qe5 Kd7 42. Re2 Kc8 43. Qe6+ Kb7 0-1

[Event "Kuwait Taher Group Cup"]
[Site "Kuwait"]
[Date "2015.06.30"]
[Round "7"]
[White "Abdel Aziem, Aly Yusef"]
[Black "Shehab, Ibrahim A"]
[Result "1-0"]
[WhiteElo "1948"]
[BlackElo "1968"]
[PlyCount "157"]
[EventDate "2015.06.24"]
[EventType "swiss"]
[EventRounds "9"]
[EventCountry "KUW"]
[SourceTitle "EXT 2016"]
[Source "ChessBase"]
[SourceDate "2015.10.08"]
[SourceVersion "1"]
[SourceVersionDate "2015.10.08"]
[SourceQuality "1"]

1. d4 f5 2. c4 g6 3. Nf3 Bg7 4. Nc3 Nf6 5. g3 d6 6. Bg2 0-0 7. 0-0 Nc6 8. b3 e5 9. dxe5 dxe5 10. Ba3 Re8 11. Qxd8 Nxd8 12. Nb5 Ne6 13. Bb2 a6 14. Na3 e4 15. Nd4 c5 16. Nxe6 Bxe6 17. Rfd1 Red8 18. Nc2 Kf7 19. f3 Bd7 20. fxe4 Nxe4 21. Bxg7 Kxg7 22. Bxe4 fxe4 23. Ne3 Be6 24. Rxd8 Rxd8 25. Rd1 Rd4 26. Kf2 Kf6 27. Rxd4 cxd4 28. Nc2 Ke5 29. e3 d3 30. Nd4 Bf7 31. Ke1 g5 32. a3 Kf6 33. c5 Kg6 34. b4 Kh5 35. Nf5 Bd5 36. h3 Bc6 37. Nd6 Kg6 38. a4 Kf6 39. b5 axb5 40. axb5 Bd5 41. Kd2 Ke6 42. Nc8 Bc4 43. Nd6 Bd5 44. Kc3 b6 45. Nc8 bxc5 46. Nb6 Kd6 47. Nc8+ Kc7 48. Ne7 Be6 49. g4 Kb6 50. Nf5 Bd5 51. Nd6 Bb7 52. Ne8 Kxb5 53. Nf6 Kb6 54. Nxh7 Kc6 55. Nxg5 Kd6 56. h4 Ke5 57. Nf7+ Kf6 58. Nd6 Bd5 59. g5+ Kg6 60. Ne8 Kf5 61. Nf6 Bc6 62. Kd2 c4 63. Kc3 Bb5 64. Kd2 Ke5 65. Ng4+ Kf5 66. Nh6+ Kg6 67. Ng4 Kh5 68. Nf6+ Kg6 69. Nxe4 Ba6 70. Nf6 Bc8 71. e4 Be6 72. Nd5 Kf7 73. Nf4 Bc8 74. h5 Kg7 75. e5 Bg4 76. e6 Bxh5 77. Nxh5+ Kf8 78. g6 Ke7 79. g7 1-0

[Event "Kuwait Taher Group Cup"]
[Site "Kuwait"]
[Date "2015.06.27"]
[Round "4"]
[White "Alkhaldi, Bader"]
[Black "Shehab, Ibrahim A"]
[Result "0-1"]
[WhiteElo "1970"]
[BlackElo "1968"]
[PlyCount "52"]
[EventDate "2015.06.24"]
[EventType "swiss"]
[EventRounds "9"]
[EventCountry "KUW"]
[SourceTitle "EXT 2016"]
[Source "ChessBase"]
[SourceDate "2015.10.08"]
[SourceVersion "1"]
[SourceVersionDate "2015.10.08"]
[SourceQuality "1"]

1. e4 e6 2. Nf3 d5 3. e5 c5 4. b4 Qc7 5. bxc5 Bxc5 6. c3 d4 7. cxd4 Bxd4 8. Nxd4 Qxe5+ 9. Ne2 Qxa1 10. Nec3 Nc6 11. Bb5 Nge7 12. Bxc6+ Nxc6 13. Ba3 a5 14. Qg4 Bd7 15. 0-0 0-0-0 16. Ne4 Qd4 17. Bc5 f5 18. Bxd4 fxg4 19. Bxg7 Rhg8 20. Bh6 Rg6 21. Be3 e5 22. Nbc3 Nd4 23. Nd5 Re8 24. Rc1+ Bc6 25. Bg5 Ne2+ 26. Kf1 Nxc1 0-1

[Event "Kuwait Taher Group Cup"]
[Site "Kuwait"]
[Date "2015.06.25"]
[Round "2"]
[White "Elsayed, Gharib"]
[Black "Shehab, Ibrahim A"]
[Result "0-1"]
[WhiteElo "1798"]
[BlackElo "1968"]
[PlyCount "86"]
[EventDate "2015.06.24"]
[EventType "swiss"]
[EventRounds "9"]
[EventCountry "KUW"]
[SourceTitle "EXT 2016"]
[Source "ChessBase"]
[SourceDate "2015.10.08"]
[SourceVersion "1"]
[SourceVersionDate "2015.10.08"]
[SourceQuality "1"]

1. Nf3 Nf6 2. c4 g6 3. d4 Bg7 4. g3 d6 5. Bg2 0-0 6. 0-0 Nbd7 7. Nc3 c6 8. Re1 e5 9. dxe5 dxe5 10. Bg5 h6 11. Bxf6 Qxf6 12. Ne4 Qe7 13. Nh4 Nf6 14. Qd6 Re8 15. Qxe7 Rxe7 16. Nd6 Be6 17. b3 Rd7 18. Nxb7 Rxb7 19. Bxc6 Rab8 20. Bxb7 Rxb7 21. Red1 Nd7 22. Rac1 Nc5 23. Ng2 a5 24. Rd8+ Bf8 25. Ra8 a4 26. bxa4 Rb2 27. e4 Rxa2 28. a5 Kg7 29. Ne3 Nxe4 30. Rc2 Ra1+ 31. Kg2 Bc5 32. Nd5 Nd6 33. Ne3 Bxe3 34. fxe3 Nxc4 35. Kf2 Rh1 36. Rc3 Rxh2+ 37. Kg1 Ra2 38. a6 Bd5 39. Rd8 Nb6 40. Rc5 Be6 41. Rxe5 Rxa6 42. Rd2 Nc4 43. Rxe6 Rxe6 0-1

[Event "San Sebastian op 38th"]
[Site "San Sebastian"]
[Date "2015.04.01"]
[Round "6"]
[White "Buiza Prieto, Eihartze"]
[Black "Shehab, Ibrahim A"]
[Result "0-1"]
[WhiteElo "2107"]
[BlackElo "1934"]
[PlyCount "70"]
[EventDate "2015.03.28"]
[EventType "swiss"]
[EventRounds "9"]
[EventCountry "ESP"]
[SourceTitle "CBM 165 Extra"]
[Source "ChessBase"]
[SourceDate "2015.04.21"]
[SourceVersion "1"]
[SourceVersionDate "2015.04.21"]
[SourceQuality "1"]

1. e4 d6 2. d4 Nf6 3. Nc3 g6 4. h3 Bg7 5. Be3 0-0 6. Nf3 Nc6 7. Be2 e5 8. d5 Ne7 9. g4 c6 10. Qd2 cxd5 11. exd5 Qa5 12. Bc4 a6 13. Rd1 b5 14. Bb3 Bb7 15. a3 Rac8 16. Bg5 b4 17. axb4 Qxb4 18. Bxf6 Bxf6 19. 0-0 Bg7 20. Rfe1 f5 21. gxf5 Nxf5 22. Ne4 Qb6 23. Qd3 h6 24. c4 Kh8 25. Bc2 Rf7 26. Rb1 Rcf8 27. b4 Qd8 28. Bd1 Bc8 29. Kg2 Nh4+ 30. Nxh4 Qxh4 31. Rb2 Rf4 32. Re3 Bf5 33. Rbe2 Bxe4+ 34. Rxe4 Rxe4 35. Qxe4 Rxf2+ 0-1

[Event "San Sebastian op 38th"]
[Site "San Sebastian"]
[Date "2015.03.30"]
[Round "4"]
[White "Capote Robayna, Nathaniel"]
[Black "Shehab, Ibrahim A"]
[Result "1-0"]
[WhiteElo "2277"]
[BlackElo "1934"]
[PlyCount "73"]
[EventDate "2015.03.28"]
[EventType "swiss"]
[EventRounds "9"]
[EventCountry "ESP"]
[SourceTitle "CBM 165 Extra"]
[Source "ChessBase"]
[SourceDate "2015.04.21"]
[SourceVersion "1"]
[SourceVersionDate "2015.04.21"]
[SourceQuality "1"]

1. e4 e5 2. Nf3 Nf6 3. Nxe5 d6 4. Nf3 Nxe4 5. c4 Be7 6. Nc3 Nxc3 7. bxc3 0-0 8. Be2 Bf5 9. 0-0 Nd7 10. Nd4 Bg6 11. f4 c5 12. Nc2 Be4 13. d3 Bc6 14. Ne3 Bf6 15. Qb3 Qa5 16. Bd2 Rfe8 17. Bf3 Bd4 18. Rae1 Nf6 19. cxd4 Qxd2 20. Re2 Qa5 21. d5 Bd7 22. Rfe1 Rab8 23. g4 Ba4 24. Qb2 Qd8 25. g5 Rxe3 26. Rxe3 Ne8 27. Bg4 Bd7 28. Bxd7 Qxd7 29. Re7 Qg4+ 30. Qg2 Qxg2+ 31. Kxg2 Kf8 32. Rd7 f6 33. Ree7 a6 34. Rxb7 Ra8 35. Ra7 Rc8 36. Rab7 fxg5 37. fxg5 1-0

[Event "KUW-ch"]
[Site "Kuwait"]
[Date "2015.02.03"]
[Round "6"]
[White "Shehab, Ibrahim A"]
[Black "Maqseed, Nasser"]
[Result "1-0"]
[WhiteElo "1955"]
[BlackElo "1981"]
[PlyCount "101"]
[EventDate "2015.01.26"]
[EventType "swiss"]
[EventRounds "9"]
[EventCountry "KUW"]
[SourceTitle "CBM 164 Extra"]
[Source "ChessBase"]
[SourceDate "2015.03.02"]
[SourceVersion "1"]
[SourceVersionDate "2015.03.02"]
[SourceQuality "1"]

1. d4 g6 2. c4 Bg7 3. Nc3 Nf6 4. e4 d6 5. Nf3 0-0 6. Be2 Nbd7 7. 0-0 e5 8. d5 Nc5 9. Nd2 a5 10. Qc2 b6 11. Nb3 Na6 12. Nd2 Ne8 13. b3 f5 14. a3 f4 15. Bb2 Rf7 16. Qd1 Nf6 17. Nf3 h6 18. Ne1 Bf8 19. Nd3 g5 20. f3 h5 21. g4 Rh7 22. h3 Qe7 23. Rf2 Rh6 24. Rg2 hxg4 25. hxg4 Qh7 26. Nf2 Bd7 27. Kf1 Be7 28. Ke1 Kf7 29. Kd2 Rh8 30. Kc2 Kg7 31. Qf1 Nc5 32. Nd3 Rh2 33. Nxc5 dxc5 34. Qf2 Qh3 35. Rag1 Rh4 36. Nd1 Bd6 37. Qf1 Rxg2 38. Rxg2 Rh8 39. Nf2 Qh7 40. Qa1 Qg6 41. Bxe5 Re8 42. Bxf6+ Qxf6 43. Qxf6+ Kxf6 44. Rh2 Rg8 45. Nd3 Be5 46. Rh6+ Kg7 47. Nxe5 Kxh6 48. Nxd7 Kg6 49. e5 Kf7 50. e6+ Ke7 51. Kd3 1-0

[Event "KUW-ch"]
[Site "Kuwait"]
[Date "2015.01.30"]
[Round "4"]
[White "Shehab, Ibrahim A"]
[Black "Alshourfaa, Hazaa"]
[Result "1-0"]
[WhiteElo "1955"]
[BlackElo "1700"]
[PlyCount "99"]
[EventDate "2015.01.26"]
[EventType "swiss"]
[EventRounds "9"]
[EventCountry "KUW"]
[SourceTitle "CBM 164 Extra"]
[Source "ChessBase"]
[SourceDate "2015.03.02"]
[SourceVersion "1"]
[SourceVersionDate "2015.03.02"]
[SourceQuality "1"]

1. Nf3 d5 2. d4 c6 3. c4 Nf6 4. Nc3 a6 5. g3 Bf5 6. Bg2 e6 7. Qb3 Ra7 8. Nh4 Bg4 9. cxd5 exd5 10. h3 Bh5 11. 0-0 Bg6 12. Nxg6 hxg6 13. Bg5 Be7 14. e4 dxe4 15. Nxe4 Nbd7 16. Rfe1 0-0 17. Nc3 Re8 18. d5 Nc5 19. Qc4 b5 20. Qh4 Nxd5 21. Nxd5 cxd5 22. Rad1 Bxg5 23. Rxe8+ Qxe8 24. Qxg5 Re7 25. Rxd5 Ne6 26. Qd2 Rc7 27. Rd6 Qc8 28. Qa5 Rc2 29. Rd2 Rxd2 30. Qxd2 Qd8 31. Qxd8+ Nxd8 32. Kf1 Kf8 33. Ke2 Ke7 34. Ke3 g5 35. Ke4 Ke6 36. Kd4 Kd6 37. Bf1 f6 38. a4 Ne6+ 39. Kc3 Nc7 40. axb5 axb5 41. Kb4 Kc6 42. Ka5 Kc5 43. b4+ Kc6 44. Bg2+ Kd6 45. Kb6 f5 46. Bf1 g6 47. Bxb5 Nd5+ 48. Ka5 Nc3 49. Be8 Ne4 50. Bxg6 1-0

[Event "Kuwait City Ramadan 1st"]
[Site "Kuwait City"]
[Date "2014.07.19"]
[Round "9"]
[White "Khalid, Lodhi"]
[Black "Shehab, Ibrahim A"]
[Result "0-1"]
[WhiteElo "1725"]
[BlackElo "2033"]
[PlyCount "82"]
[EventDate "2014.07.12"]
[EventType "tourn"]
[EventRounds "9"]
[EventCountry "KUW"]
[SourceTitle "EXT 2018"]
[Source "ChessBase"]
[SourceDate "2017.10.13"]
[SourceVersion "1"]
[SourceVersionDate "2017.10.13"]
[SourceQuality "1"]

1. e4 c5 2. f4 Nc6 3. Nf3 d6 4. Bc4 Nf6 5. Nc3 e6 6. d3 Be7 7. 0-0 0-0 8. Qe1 a6 9. e5 Ng4 10. h3 Nh6 11. g4 d5 12. Bb3 b5 13. a3 c4 14. Ba2 Bc5+ 15. Kh1 Kh8 16. f5 exf5 17. Bxh6 gxh6 18. dxc4 dxc4 19. Rd1 Qe8 20. Nd5 Bb7 21. Qh4 Qe6 22. Nf6 fxg4 23. hxg4 Nxe5 24. Qxh6 Be4 25. Qf4 Bxf3+ 26. Rxf3 Nxf3 27. Qh6 Ng5 28. Qxg5 Be7 29. Rf1 Rg8 30. Qf4 Bxf6 31. Qxf6+ Qxf6 32. Rxf6 Rxg4 33. b3 Rag8 34. Rf2 Rg1+ 35. Kh2 Ra1 36. c3 cxb3 37. Bxb3 Rxa3 38. Bxf7 Rf8 39. Kg2 Kg7 40. Bd5 Rxf2+ 41. Kxf2 Rxc3 0-1